000
00246nam a22001217a 4500
003
SGT
082
_a
615.1
_b
G09R
100
_a
ROBSON, PHILIP
245
_a
FORBIDDEN DRUGS
260
_a
INDIA
_b
OXFORD
_c
2009
300
_a
260
942
_2
ddc
_c
BK
999
_c
14913
_d
14913